000 00400nam a2200145Ia 4500
008 230917s9999||||xx |||||||||||||| ||und||
040 _e49519
_aMAIN
041 _aEnglish
082 _a110 M455Y
100 _aMays, Walfe
245 0 _aWhitehead's philosophy of science and metaphysics; an introduction to his thought
260 _aHague
_bMartinus
_c1977
300 _aviii, 144 p.
942 _cBK
999 _c221227
_d221227